000 00307 a2200133 4500
000 nam a22 7a 4500
100 _aMisra, R N
110 _aMisra, R N
245 _aPractical Geography
250 _aLatest edition
260 _bPareek Publications
264 _bPareek Publications
942 _cBK
999 _c396844
_d396844